00638nam a2200181Ia 4500008004100000082001700041100001300058245005600071250000800127260003300135300001100168500002400179650001500203942000700218952010700225952010700332999001700439230524s9999 xx 000 0 und d a621.382bPAR aH.Partab 0aArt and Science of Utilisation of Electrical Energy a1ST aNEW DELHIbDhanpat Raic2007 aIV;699 aQuantity Number: 2 aElectrical cBK 00104070aTATCLbTATCLcGENd2023-05-24l0o621.382 PARp16271r2023-05-24w2023-05-24yBKzBCSE3303 00104070aTATCLbTATCLcGENd2023-05-24l0o621.382 PARp16272r2023-05-24w2023-05-24yBKzBCSE3303 c36829d36829